00858nam a22002177i 450000500170000000800410001702000380005804000250009608200170012124502440013826400360038226400110041830000450042933600210047433700250049533800230052050000190054365000200056270000320058270000260061420190331123621.0190331t20102010enko e 001 0deng d a9781846818424qpaperbackcRM44.90 aPPAKbengcPPAKerda04a641.638422310aCURRIES 500 :bDiscover a world of spice in dishes from India, Thailand and Sout-East Asia, as well as Africa, the Middle East and the Caribbean, shown in 500 sizzling photographs /cConsultant Editor: MRIDULA BALJEKAR ; Editor: Joy Wotton 1aLondon :bHermes House,c[2010] 4c©2010 a256 pages :bcolour photographs ;c30 cm 2rdacontentatext 2rdamediaaunmediated 2rdacarrieravolume aIncludes index10aCooking (Curry)1 aBaljekar, Mridula,eeditor.1 aWotton, Joy,eeditor.